01094cam a22003137i 450000100090000000300040000900500170001300800410003001000170007102000180008804000230010604200100012904300120013908200160015110000200016724501320018725000280031926400650034730000230041233600210043533700250045633800230048150400670050465000360057165000400060765000450064765000520069265000360074417883237OSt20230606120706.0130912s2013 ke b 001 0 eng  a 2013441209 a9789966040299 aDLCbengcDLCerda alcode af-ke--- a362.19bKAM1 aKamau, Nyokabi.10aResearching AIDS, sexuality, and gender :bcase studies of women in Kenyan universities /cProf. Nyokabi Kamau MA, MPhil, PhD. aSecond revised edition. 1aLimuru, Kenya :bZAPF Chancery Publishers Africa Ltd,c2013. a300 pages ;c21 cm atext2rdacontent aunmediated2rdamedia avolume2rdacarrier aIncludes bibliographical references (pages 263-293) and index. 0aAIDS (Disease) in womenzKenya. 0aAIDS (Disease)xSex factorszKenya. 0aWomen college teachersxDiseaseszKenya. 0aWomen college teachersxSexual behaviorzKenya. 0aSexual behavior surveyszKenya.